000 01053nam a22002657a 4500
999 _c64651
_d64651
005 20240530110742.0
008 181108s2018 ua ai f b 000 0|ara d
017 _a2017/14671
_bمصر. دار الكتب
020 _a9789776526546
040 _aEG-CaGPL
_cEG-CaGPL
082 0 4 _221
_a658.83 /
_bى ت
100 0 _aيوسف حجيم سلطان الطائى
245 1 2 _aالتسويق الحسى مدخل معاصر/
_cيوسف حجيم سلطان الطائى، باقر خضير الحدراوى
260 _aالاسكندرية :
_bالمكتب الجامعى الحديث ،
_c2018.
300 _a280 ص. :
_bايض ؛
_c24 سم.
504 _aيشتمل على ارجاعات ببليوجرافية
650 0 7 _2qrmak
_aالتسويق
650 0 7 _2qrmak
_aادارة الاعمال
650 0 7 _2qrmak
_aادارة التسويق
651 _2qrmak
653 0 _aالتسويق الحسى
700 0 _aباقر خضير الحدراوى
_eمؤلف مشارك
942 _2ddc
_cBK